logo

Bir Sreshtho Munshi Abdur Rouf Library
Jhenaidah Cadet College

The United States Navy / (Record no. 6200)

MARC details
000 -LEADER
fixed length control field 00733nam a22002531a 4500
001 - CONTROL NUMBER
JCCL Control Number 6200
003 - CONTROL NUMBER IDENTIFIER
JCCL marc code BD-JhCC
005 - DATE AND TIME OF LATEST TRANSACTION
control field 20200408134007.0
008 - FIXED-LENGTH DATA ELEMENTS--GENERAL INFORMATION
fixed length control field 180116s1968 nyuac b 001 0 eng d
035 ## - SYSTEM CONTROL NUMBER
system control number (BD-JhCC)6200
035 ## - SYSTEM CONTROL NUMBER
system control number 573624
040 ## - CATALOGING SOURCE
Original cataloging agency BD-JhCC
Transcribing agency LC
Modifying agency BD-JhCC
041 ## - LANGUAGE CODE
Language code of Book eng
050 00 - LIBRARY OF CONGRESS CALL NUMBER
Classification number VA55
Item number .C3
082 04 - DEWEY DECIMAL CLASSIFICATION NUMBER
Classification number 359/.00973
Author mark and Year CAR 1968
100 1# - MAIN ENTRY--PERSONAL NAME
Personal name Carrison, Daniel J.
245 14 - TITLE STATEMENT
Title The United States Navy /
Statement of responsibility, etc Daniel J. Carrison.
260 ## - PUBLICATION, DISTRIBUTION, ETC. (IMPRINT)
Place of publication, distribution, etc New York,
Name of publisher, distributor, etc Praeger
Date of publication, distribution, etc [1968]
300 ## - PHYSICAL DESCRIPTION
Pagination x, 262 p.
Other physical details illus., port.
Dimensions 22 cm.
490 0# - SERIES STATEMENT
Series statement Praeger library of U.S. Government departments and agencies, ;
Volume number/sequential designation no. 12
504 ## - BIBLIOGRAPHY, ETC. NOTE
Bibliography, etc Bibliography: p. 252-254.
650 ## - SUBJECT ADDED ENTRY--TOPICAL TERM
Topical term or geographic name as entry element Navy
Geographic subdivision United States.
942 ## - ADDED ENTRY ELEMENTS (KOHA)
Source of classification or shelving scheme Dewey Decimal Classification
Koha item type Books
Koha issues (borrowed), all copies 4
Holdings
Source of classification or shelving scheme Damaged status Not for loan Home library Current library Shelving location Total Checkouts Full call number Barcode Date last seen Date checked out Copy number Koha item type
Dewey Decimal Classification     JCC Rouf Library JCC Rouf Library General Stacks 2 359/.00973 CAR 1968 1085 04/09/2020 04/07/2020 C - 1 Books

JCC Library | Contacts | JCC Home

Last Update on 23 September 2017
Copyright @ 2017-2020 JCC Rouf Library
Rouf Library, Jhenidah Cadet College (JCC), Bangladesh